Diagnóstico financiero y propuesta para la mejora de los rendimientos financieros de un hotel en el municipio de Zapopan, Jalisco /

Salvato in:
Dettagli Bibliografici
Autore principale: Rosa Carmona, María Esther de la (autor)
Altri autori: Solís Gutiérrez, Rosa Elena (autor) (autor)
Natura: Tesi Libro
Lingua:spagnolo
Soggetti:
Tags: Aggiungi Tag
Nessun Tag, puoi essere il primo ad aggiungerne!!

MARC

LEADER 00000nam^a2200000^a^4500
001 000183736
005 20250521000000.0
009 20260310102051.416
037 |a Acervo ITESO - Biblioteca 
041 |a ESP 
090 |a LAF. 63 
100 |a Rosa Carmona, María Esther de la  |e (autor) 
245 1 0 |a Diagnóstico financiero y propuesta para la mejora de los rendimientos financieros de un hotel en el municipio de Zapopan, Jalisco /  |c M.E. de la Rosa Carmona, R.E. Solís Gutiérrez. 
264 |a Guadalajara, México :  |b edición de autor,  |c 2005 
300 |a 1 disco compacto de computadora 
336 |a datos para computadora  |b cod  |2 rdacontenido 
337 |a computadora  |b c  |2 rdamedio 
338 |a disco de computadora  |b cd  |2 rdasoporte 
502 |a ITESO Tesis de Licenciatura en Administración Financiera 
649 |a XX 
650 |a Hoteles -  |z Zapopan, Jalisco -  |x Administración 
650 |a Hoteles -  |z Jalisco -  |x Administración 
650 |a Hoteles -  |z México -  |x Administración 
650 |a Turismo -  |z Zapopan, Jalisco -  |x Aspectos Económicos 
650 |a Turismo -  |z Jalisco -  |x Aspectos Económicos 
650 |a Turismo -  |z México -  |x Aspectos Económicos 
650 |a Presupuesto 
650 |a Estados Financieros 
650 |a Rentabilidad 
650 |a Contabilidad Financiera 
650 |a Administración Financiera 
650 |a Administración 
650 |a Ciencias Administrativas 
700 |a Solís Gutiérrez, Rosa Elena  |e (autor) 
910 |a Fondo General 
920 |a Electrónicos - Tesis del ITESO en Disco 
905 |a 202 
901 |a 0500124299  |b IT2  |c STS  |u 20250521 
902 |a https://opac.biblio.iteso.mx/vufind/Record/000183736